000 00735nam a22002537a 4500
001 0011607
003 DO-SdBNP
005 20170905114310.0
007 0011607
008 161011b2011 sp | 00| 0 spa d
020 _a9789972625015
040 _aBPMSU
_bspa
_cBPMSU
082 _aR 036
_bD545e
245 0 0 _aDiccionario enciclopédico color
246 3 4 _aLexus diccionario enciclopédico color
260 0 _aBarcelona :
_bLexus,
_c2011.
300 _aviii, 984 p.
_bil.
_c27 cm.
_e+ CD-ROM
650 4 _aESPAÑOL
_vDICCIONARIOS
650 4 _aENCICLOPEDIAS Y DICCIONARIOS ESPAÑOLES
910 _aValidado. Control de calidad MFF
942 _2ddc
_cBK
945 _aInventariado /2017 VM
956 _aBTAVÁREZ
_b10
_c20161011
_d0011607
999 _c11529
_d11529